Vista normal
Vista MARC
- Alba Isasi, Javier
Entrada Nombre personal
Número de registros utilizados en: 1
001 - NÚMERO DE CONTROL
- Campo de control: 116474
003 - IDENTIFICADOR DE NÚMERO DE CONTROL
- Campo de control: ES-MaBCM
005 - FECHA Y HORA DE LA ULTIMA MODIFICACION
- Campo de control: 20130415123706.0
008 - ELEMENTOS DE DATOS DE LONGITUD FIJA
- Campo de longitud fija: 130415|| aca||aabn | a|a d
040 ## - FUENTE DE LA CATALOGACIÓN
- Agencia original de catalogación: ES-MaBCM
- Agencia de transcripción: ES-MaBCM
100 ## - ENCABEZAMIENTO--NOMBRE DE PERSONA
- Nombre personal: Alba Isasi, Javier
670 ## - FUENTE DE DATOS ENCONTRADOS
- Fuente de citación: Work cat.: (ES-MaBCM): Alba Isasi, Javier, La imitación como acto de competencia desleal
